h1

h2

h3

h4

h5
h6
000659543 001__ 659543
000659543 005__ 20201223133957.0
000659543 0247_ $$2ISBN$$a978-1-60750-705-5
000659543 0247_ $$2ISBN$$a978-1-60750-706-2
000659543 0247_ $$2ISSN$$a0926-9630
000659543 0247_ $$2ISSN$$a1879-8365
000659543 0247_ $$2SCOPUS$$aSCOPUS:2-s2.0-79953036465
000659543 0247_ $$2WOS$$aWOS:000392219500131
000659543 0247_ $$2doi$$a10.3233/978-1-60750-706-2-677
000659543 0247_ $$2pmid$$apmid:21335878
000659543 037__ $$aRWTH-CONV-208828
000659543 041__ $$aEnglish
000659543 1001_ $$0P:(DE-82)030712$$aUllrich, Sebastian$$b0
000659543 245__ $$aDissecting in silico: towards a taxonomy for medical simulators$$honline, print
000659543 260__ $$aAmsterdam$$bIOS Press$$c2011
000659543 29510 $$aMedicine meets virtual reality 18 : NextMed / ed. by James D. Westwood ....
000659543 300__ $$a677-679
000659543 3367_ $$07$$2EndNote$$aBook Section
000659543 3367_ $$0PUB:(DE-HGF)7$$2PUB:(DE-HGF)$$aContribution to a book$$bcontb$$mcontb
000659543 3367_ $$2BibTeX$$aINBOOK
000659543 3367_ $$2DRIVER$$abookPart
000659543 3367_ $$2DataCite$$aOutput Types/Book chapter
000659543 3367_ $$2ORCID$$aBOOK_CHAPTER
000659543 4900_ $$aStudies in health technology and informatics$$v163
000659543 591__ $$aGermany
000659543 653_7 $$aBiological,Surgery
000659543 653_7 $$aComputer Simulation,Germany,Humans,Models$$aeng
000659543 653_7 $$aComputer-Assisted,Surgery
000659543 653_7 $$aComputer-Assisted: classification,Surgery
000659543 653_7 $$aComputer-Assisted: methods,Terminology as Topic,User-Computer Interface
000659543 7001_ $$0P:(DE-82)030718$$aKnott, Thomas$$b1
000659543 7001_ $$0P:(DE-82)IDM00462$$aKuhlen, Torsten$$b2
000659543 909CO $$ooai:publications.rwth-aachen.de:659543$$pVDB
000659543 9141_ $$y2011
000659543 9151_ $$0StatID:(DE-HGF)0031$$2StatID$$aPeer reviewed article$$x0
000659543 9201_ $$0I:(DE-82)124620_20151124$$k124620$$lLehr- und Forschungsgebiet Virtuelle Realität und Immersive Visualisierung$$x0
000659543 9201_ $$0I:(DE-82)120000_20140620$$k120000$$lFachgruppe Informatik$$x1
000659543 961__ $$c2016-06-22$$x2016-06-22$$z2016-06-23
000659543 980__ $$aI:(DE-82)120000_20140620
000659543 980__ $$aI:(DE-82)124620_20151124
000659543 980__ $$aUNRESTRICTED
000659543 980__ $$aVDB
000659543 980__ $$acontb